Countries with European Cups, with a Twist - Statistics

General Stats
  • This quiz has been taken 21 times
  • The average score is 7 of 9
Answer Stats
UCL-UEL-UECL Answer % Correct
0-1-0 Belgium
93%
1-0-0 Romania
86%
0-2-0 Sweden
86%
1-0-0 Yugoslavia
86%
0-0-1 Greece
79%
0-2-0 Russia
79%
1-0-0 Scotland
64%
0-1-0 Turkey
64%
0-1-0 Ukraine
64%
No matching quizzes found
Score Distribution
Percent of People with Each Score
Percentile by Number Answered
Your Score History
You have not taken this quiz